000 00705cam a22002172 4500
001 0000002924
005 20151217151908.0
008 070423s xx 000 0 eng d
020 _a033355003X :
_cKES 3,900
040 _aKABU
_cKABU
050 0 _aHG173
_b.M45
100 1 _aMeidan, Arthur.
_@0000152431
245 1 0 _aMarketing financial services /
_cArthur Meidan.
260 _aHoundmills, Basingstoke, Hampshire ;
_aNew York :
_bPalgrave Macmillan,
_cc1996.
300 _axx, 324 p. :
_bill. ;
_c24 cm.
650 0 _aFinancial services industry
_xMarketing.
_@0000152425
650 0 _aMarketing.
_@0000151351
908 _a070423
950 _@1
999 _c6110
_d6110